• 首页
  • 本馆介绍
  • 公告通知
  • 最新文献
  • 馆藏检索
  • 电子资源
  • 读者导购
  • 参考咨询
  • 我的图书馆
  • 登录
  • 详细信息显示
  • 放入我的书架
  • 预约/预借图书
  • 作者相关作品
  • 分类相关作品
  • 丛书相关作品
  • 出版社相关作品

书目信息

  • 表格格式
  • 工作单格式
  • 卡片格式
题名:
世界名人成才之路
    
 
作者: 伊藤隆二 著 ;方东 译
分册:  
出版信息: 北京   北京教育出版社  1987
页数: 151页
开本: 19cm
丛书名:
单 册:
中图分类: K812 , G76
科图分类:
主题词: 名人--生平事迹--世界 , 教育--类型
电子资源:
ISBN: 7-5303-0003-2
000 00736nam0 2200265 45
001 0187009005
005 20040708175000.6
010    @a7-5303-0003-2@dCNY0.98
100    @a19900830d1987 em y0chiy0121 ea
101 1  @achi@cjpn
102    @aCN@b110000
105    @af z 000yc
106    @ar
200 10 @a世界名人成才之路@Ashi jie ming ren cheng cai zhi lu@f(日)伊藤隆二著@g方东译
210    @a北京@c北京教育出版社@d1987
215    @a151页@c图@d19cm
606    @a名人@x生平事迹@y世界
606 0  @a教育@x类型
690    @aK812@v3
690    @aG76
701  0 @a伊藤隆二@Ayi teng long er@4著
702  0 @a方东@Afang dong@4译
801  0 @aCN@b深圳图书馆@c20040708
801  2 @aCN@bNLC@c20040708
905    @f1@b209847@dG76@e1
    
    世界名人成才之路/(日)伊藤隆二著/方东译.-北京:北京教育出版社,1987
    151页:图;19cm
    
    
    ISBN 7-5303-0003-2:CNY0.98
    
●
相关链接 在E读中查询图书 在五车中查询图书 在当当中查询图书 在豆瓣中查询图书


正题名:世界名人成才之路     索取号:G76/1         预约/预借

序号 登录号 条形码 馆藏地/架位号 状态 备注
1 0209847   001955584   第四借阅区/ [索取号:G76/1] 在馆    
2 0209849   202444435   第一样本阅览室/ [索取号:G76/1] 在馆    
唐山师范学院图书馆 欢迎您!
大连网信软件有限公司© 版权所有